| 000 | 01084naa a22003017a 4500 | ||
|---|---|---|---|
| 001 | BR6009233 | ||
| 003 | BR-BrBNA | ||
| 005 | 20240918172956.0 | ||
| 007 | ta | ||
| 008 | 230509b bl.||||| |||| 00| 0 por d | ||
| 040 |
_aBR-BrBNA _bpor _cBiblioteca Nacional de Agricultura |
||
| 041 | _a(Pt) | ||
| 072 |
_aL10 _b7100 _b3580 |
||
| 090 | _aL10 BR6009233 | ||
| 100 | 1 | _aCarmorgo, C.A. de | |
| 111 | 1 |
_a1.Congresso Brasileiro de Apicultura _cFlorianopolis, SC (Brazil) _d8 May 1970 |
|
| 245 | 1 | _aConservacao de espermatozoide de Apis e Trigona [Melhoramento genetico animal; Abelha] | |
| 260 | 3 |
_aFlorianopolis, SC (Brasil): _c1970. |
|
| 500 | _a1. Congresso Brasileiro de Apicultura Florianopolis, SC (Brasil): 1970. p. 51-54 (BR6009233-AM)L10 | ||
| 650 | _aMelhoramento genetico animal | ||
| 650 | _aAbelha | ||
| 650 | _aEsperma | ||
| 650 | _aConservacao | ||
| 650 | _aInseminacao artificial | ||
| 773 | 0 |
_t1. Congresso Brasileiro de Apicultura _wL10 BR6009233 _gFlorianopolis, SC (Brasil), 1970. p. 51-54 |
|
| 909 |
_a202404 _bLucia _c55 _dLucia Elande |
||
| 942 |
_cAM _2AGRIS |
||
| 999 |
_c302333 _d302333 |
||